| 000 | 00468nam a2200145Ia 4500 | ||
|---|---|---|---|
| 008 | 210430s9999 xx 000 0 und d | ||
| 020 | _a0849382254 (hardcover) | 97808 | ||
| 082 | _a620.16 B945 S | ||
| 100 | _aBurakowski, Tadeusz. | ||
| 245 |
_aSurface engineering of metals : _cBurakowski, Tadeusz. |
||
| 260 |
_a[S.l.] : _bCRC Press, _c1998 |
||
| 300 | _a608 p. ; | ||
| 856 | _uhttp://www.amazon.com/exec/obidos/ASIN/0849382254/chopaconline-20 | ||
| 942 |
_cBK _2ddc |
||
| 999 |
_c561873 _d561873 |
||